000
00218 a2200109 4500
001
12608
090
_c
9620
_d
9620
100
_a
Anderson,J.L
245
_a
Fall of Baghdad
260
_b
Little Brown
_c
2005
300
_a
x, 389 p.
942
_a
NUST-CAE
999
_c
247681
_d
247681